000 00881nas a2200277 4500
001 BR2013001181
003 BR-BrBNA
005 20231205121917.0
007 ta
008 230509b bl.|||p| |||| 00| 00por d
040 _aBR-BrBNA
_bpor
_cBiblioteca Nacional de Agricultura
041 _a(Pt)
072 _aL73
100 1 _aLangenegger, J.
100 1 _aLangenegger, C.H.
245 1 _aReprodução da linfadenite caseosa em caprinos com pequeno número de Corynebacterium pseudotuberculosis
650 _aCAPRINO
650 _aDOENÇA ANIMAL
650 _aLINFADENITE CASEOSA
650 _aBACTÉRIA
650 _aINFECÇÃO
650 _aEXPERIÊNCIA DE LABORATÓRIO
773 0 _tPesquisa Veterinária Brasileira (Brazil)
_xISSN 0100-736X
_g(Jan-Jun 1988), v. 8(1/2) p. 23-26
_wBR2013001181
909 _a202311
_bLúcia
_c55
_dLúcia Elande
942 _2AGRIS
_n0
_cANA
999 _c225895
_d225895